000 00807nam a2200241Ia 4500
003 OSt
005 20220923212405.0
006 a|||||r|||| 00| 0
007 ta
008 220922b |||||||| |||| 00| 0 hin d
024 _a152,570
037 _cTextual
040 _aARTS
_cARTS
_bhin
041 _2hin
_ahin
082 _aNT44, 152K5
100 _aलाल, लक्ष्मीनारायण
245 0 _aरंगमंच और नाटक की भूमिका
246 _aRangahincha aur nāṭak kī bhūmikā
260 _aदिल्ली
_b नेशनल पब्लिशिंग हाउस
_c1965
300 _a166पृ.
_ccm.
942 _hNT44, 152K5
_cTEXL
_2CC
999 _c308219
_d308219